000 00575nam a2200229Ia 4500
003 OSt
005 20221005122657.0
006 a|||||r|||| 00| 0
007 ta
008 221004b |||||||| |||| 00| 0 kan d
024 _a61889
037 _cTextual
040 _aCRL
_cCRL
_bkan
041 _2kan
_akan
082 _aY:351.213, 33K9
100 _aGadgar Mattha
_9632426
245 0 _aKannada janapada geetaegalu
260 _c1969
650 _aSOCIOLOGY
942 _hY:351.213, 33K9
_cTEXL
_2cc
999 _c1045056
_d1045056